• 首页
  • 本馆介绍
  • 公告通知
  • 最新文献
  • 馆藏检索
  • 电子资源
  • 读者导购
  • 参考咨询
  • 我的图书馆
  • 登录
  • 详细信息显示
  • 放入我的书架
  • 预约/预借图书
  • 作者相关作品
  • 分类相关作品
  • 丛书相关作品
  • 出版社相关作品

书目信息

  • 表格格式
  • 工作单格式
  • 卡片格式
题名:
简明经济统计辞典
    
 
作者: 佟哲晖 编
分册:  
出版信息: 长春   吉林人民出版社  1983
页数: 472页
开本: 19cm
丛书名:
单 册:
中图分类: F222-61
科图分类:
主题词: 经济统计学--词典
电子资源:
ISBN:
000 00641nam0 2200229 45
001 0183003168
005 20050404112953.5
010    @dCNY2.20
091    @a4091.161
100    @a19950703d1983 em y0chiy0121 ea
101 0  @achi
102    @aCN@b220000
105    @ay e 000yy
200 10 @a简明经济统计辞典@Ajian ming jing ji tong ji ci dian@f佟哲晖编@FTong Zhe Hui Bian
210    @a长春@c吉林人民出版社@d1983
215    @a472页@d19cm
606    @a经济统计学@x词典
690    @aF222-61@v3
701  0 @a佟哲晖@4编
801  0 @aCN@b上海图书馆@c20050404
801  2 @aCN@bNLC@c20050404
905    @f3@b136268-270@dF222-61@e61@f1@b121562
    
    简明经济统计辞典/佟哲晖编.-长春:吉林人民出版社,1983
    472页;19cm
    
    
    ISBN :CNY2.20
    
●
相关链接 在E读中查询图书 在五车中查询图书 在当当中查询图书 在豆瓣中查询图书


正题名:简明经济统计辞典     索取号:F222-61/61         预约/预借

序号 登录号 条形码 馆藏地/架位号 状态 备注
1 0121562   001571766   密集书库/ [索取号:F222-61/61] 在馆    
2 0121563   002060441   第一样本阅览室/ [索取号:F222-61/61] 在馆    
3 0136268   001571695   密集书库/ [索取号:F222-61/61] 在馆    
4 0136269   001571748   密集书库/ [索取号:F222-61/61] 在馆    
5 0136270   001571757   密集书库/ [索取号:F222-61/61] 在馆    
唐山师范学院图书馆 欢迎您!
大连网信软件有限公司© 版权所有